| 000 | 00411 a2200157 4500 | ||
|---|---|---|---|
| 005 | 20250415073504.0 | ||
| 020 | _a0-256-03613-6 | ||
| 082 | _a657 WEL | ||
| 100 | _aWELSCH, G. A. | ||
| 245 | _aFundamental of Financial Accounting | ||
| 250 | _a5th Ed. | ||
| 260 |
_aIllinois, _bIrwin, _c1987. |
||
| 300 |
_axviii, 958p.: ill.: graph, picture, table. _bIndex. _c25cm. |
||
| 700 | _aSHORT, D. G. | ||
| 942 |
_2ddc _cBKS |
||
| 999 |
_c1419 _d1419 |
||